Joseph Boulogne nommé Chevalier de Saint-Georges
Sparad:
| Huvudupphovsman: | |
|---|---|
| Materialtyp: | Bok |
| Språk: | Undetermined |
| Publicerad: |
Suisse
Fondation Avenira CH-6006 Lucerne
1999
|
| Ämnen: | |
| Taggar: |
Lägg till en tagg
Inga taggar, Lägg till första taggen!
|
| Thư viện lưu trữ: | Trung tâm Học liệu Trường Đại học Cần Thơ |
|---|
| LEADER | 00547nam a2200181Ia 4500 | ||
|---|---|---|---|
| 001 | CTU_35294 | ||
| 008 | 210402s9999 xx 000 0 und d | ||
| 082 | |a 781.092 | ||
| 082 | |b S639 | ||
| 100 | |a Emil F Smidak | ||
| 245 | 0 | |a Joseph Boulogne nommé Chevalier de Saint-Georges | |
| 245 | 0 | |c Emil F Smidak | |
| 260 | |a Suisse | ||
| 260 | |b Fondation Avenira CH-6006 Lucerne | ||
| 260 | |c 1999 | ||
| 650 | |a music - history and criticism | ||
| 904 | |i Nguyễn Quang Điền, 000229 | ||
| 980 | |a Trung tâm Học liệu Trường Đại học Cần Thơ | ||